Countries that produce the most .... #2 - Statistics

General Stats
  • This quiz has been taken 121 times
  • The average score is 72 of 83
Answer Stats
'000 Answer % Correct
1 3,711 Brazil
99%
6 201 Brazil
99%
1 965 Brazil
99%
7 55.7 Brazil
99%
2 297 United States
99%
5 1,257 United States
99%
4 274 United States
99%
3 753 United States
99%
4 200.4 United States
99%
3 1,601 China
98%
1 2,405 China
98%
1 4,646 China
98%
1 134.3 China
98%
6 104.7 China
98%
1 36,447 China
98%
1 380.2 China
98%
3 846 Colombia
95%
10 64 Colombia
95%
8 298 India
95%
7 201 India
95%
4 713 India
95%
3 3,524 India
95%
8 323 Canada
94%
4 187.1 Canada
94%
4 2,854 Canada
94%
5 182.8 Canada
94%
9 238 Mexico
94%
3 90 Mexico
94%
9 770 Mexico
94%
5 259 Mexico
94%
5 701 Mexico
94%
8 109 Mexico
94%
7 791 Russia
94%
6 220 Russia
94%
9 300 Russia
94%
3 225.7 Russia
94%
2 3,896 Russia
94%
3 305.1 Russia
94%
10 230 Peru
93%
8 153 Peru
93%
2 2,455 Peru
93%
3 308 Peru
93%
2 1,404 Peru
93%
4 19.7 Peru
93%
7 128.4 Peru
93%
2 510 Australia
92%
5 158.8 Australia
92%
6 1,570 Australia
92%
2 326.3 Australia
92%
4 49 Southafrica
92%
10 105.2 South Africa
92%
6 925 Australia
89%
1 5,787 Chile
89%
4 1,433 Dem. Rep. Congo
89%
4 701 Indonesia
89%
7 200 Indonesia
89%
2 86.4 Indonesia
89%
1 917.6 Indonesia
89%
9 108.7 Indonesia
89%
2 1,829 Vietnam
86%
7 1,374 Vietnam
86%
5 250 Nigeria
85%
2 800 Ghana
84%
6 142.4 Ghana
84%
3 328 Ecuador
81%
5 441 Ethiopia
80%
9 72 Turkey
75%
8 88 Bolivia
74%
6 528 Bolivia
74%
5 17.2 Bolivia
74%
2 341.3 Philippines
70%
1 2,105 Ivory Coast
69%
4 280 Cameroon
68%
9 75 Dominican Republic
67%
7 370 Kazakhstan
67%
8 52 Cuba
66%
7 331 Uganda
64%
3 45 Myanmar
60%
6 356 Honduras
56%
8 790 Zambia
56%
9 1,279 Norway
48%
5 2,579 United Arab Emirates
33%
8 1,365 Bahrain
13%
No matching quizzes found
Score Distribution
Percent of People with Each Score
Percentile by Number Answered
Your Score History
You have not taken this quiz